Super Mario Odyssey- Aperçus régionaux - Statistiques

Statistiques générales
  • Ce quiz a été pris 41 fois
  • Le résultat moyen est 20 sur 114
Statistiques - réponses
Pays Aperçus régionaux Réponses % Correct
Monnaie En forme de chapeau
85%
Température -10°C en moyenne
48%
Monnaie Pyramidale
42%
Température 20°C en moyenne
39%
Température 22°C en moyenne
36%
Température 23°C en moyenne
33%
Température 26°C en moyenne
33%
Température 27°C en moyenne
33%
Température 29°C en moyenne
33%
Monnaie En forme de flocon
33%
Température 28°C en moyenne
30%
Température 31°C en moyenne
30%
Température 40°C en moyenne
30%
Industrie Couvre-chefs
30%
Monnaie En forme de coquillage
30%
Gentilé Flonflons
30%
Industrie Horticulture
30%
Gentilé Toads
30%
Température 34°C en moyenne
27%
Pays de la Cuisine Population Abondante
27%
Monnaie Fragment d'étoile
27%
Gentilé Inconnu
27%
Pays de Bowser | Pays de la Mer | Pays de la Neige | +4 others Population Moyenne
27%
Température 33°C en moyenne
24%
Bijoux
24%
Gentilé Inconnu
24%
Industrie Mode
24%
Monnaie à l'effigie de Bowser
21%
Monnaie En forme de feuille
18%
Taille Immense
18%
Monnaie à l'effigie de la maire
15%
Monnaie En forme d'écrou
15%
Monnaie En forme de tomate
15%
Gentilé Frouchottes
15%
Côté obscur | Côté très obscur | Pays Perdu | +5 others Industrie | Monnaie | Population | +2 others Inconnue
15%
Course
12%
Monnaie Disques de pierre
12%
Monnaie En forme de goutte
12%
Taille Minuscule
12%
Industrie Tourisme
12%
Gentilé Zuituzècs
12%
Industrie Alimentation
9%
Monnaie D'inspiration 64
9%
Étendue
9%
Gentilé Lapinoïdes
9%
Taille Lunaire
9%
Vaisseaux
9%
Taille Vaste
9%
Gentilé Chapiformes
6%
Taille Étendue
6%
Gentilé Jardiens
6%
Mariages
6%
Ma'tuvus
6%
Gentilé New Donkers
6%
Industrie Organisation de mariages
6%
Gentilé Robelaises
6%
Industrie Cartes hanafuda
3%
Pays des Gratte-Ciel Population Dense
3%
Gentilé Escabooms
3%
Taille Importante
3%
Industrie Information
3%
Taille Limitée
3%
Minérais
3%
Industrie Pâtisserie
3%
Gentilé Pétillopodes
3%
Taille Profonde
3%
Publicité
3%
Taille Quelque peu limitée
3%
Industrie Thermalisme
3%
Taille Très accidentée
3%
Industrie Tuyauterie
3%
Design
0%
Taille Plutôt étendue
0%
Aucun quiz correspondant
Distribution des résultats
% des personnes avec chaque résultat
Percentile par nombre de réponses
Votre historique - résultats
Vous n’avez pas pris ce quiz